000
00351nam a22001217a 4500
040
_c
HS
082
_a
628
100
_a
សន វិបុល
245
_a
Agricultural waste management : ការគ្រប់គ្រងកាកសំណល់កសិកម្ម
260
_a
RUA
_b
សន វិបុល
_c
2008
300
_a
NA
942
_c
KB
999
_c
10102
_d
10102